000 00596nam a2200205 a 4500
005 20210223125840.0
008 060317s2002 mx r 000 0 spa d
020 _a9871105169
035 _aUPN01000143339
049 _aCG
050 4 _aUG447.8
_bL4.3
100 1 _aLema, Martín
245 1 0 _aGuerra biológica y bioterrorismo /
_cMartín Lema.
260 _aBuenos Aires :
_bUniversidad Nacional de Quilmes :
_bSiglo XXI,
_cc2002.
300 _a94 p . :
_bil.
440 0 _aCiencia que ladra
650 4 _aGUERRA BIOLOGICA
_94627
650 4 _aMICROORGANISMOS PATOGENOS
905 _aLibro
999 _c115486
_d115486